Statystyki dla państa Europy z największą liczbą Polaków

Kliknij tutaj aby rozwiązać quiz!

Ogólne statystyki

  • Ten quiz został rozwiązany 187 razy
    (186 od ostatniego zresetowania)
  • Średni wynik to 13 z 15

Statystyki odpowiedzi

liczba% populacjipaństwo% Poprawnych
2 000 0002,4%Niemcy
100%
900 0002,1%Ukraina
94%
300 0000,2%Rosja
93%
100 0001%Czechy
92%
1 050 0002,2%Francja
92%
100 0000,2%Włochy
92%
500 0000,7%Wielka Brytania
90%
100 0001%Szwecja
87%
300 00010,7%Litwa
86%
60 0000,3%Holandia
82%
70 0000,6%Belgia
81%
75 0004%Łotwa
81%
900 0009,6%Białoruś
80%
80 00016%Irlandia
79%
55 0000,6%Austria
77%

Rozkład punktacji

Percentyl według liczby udzielonych odpowiedzi

Procent ludzi z każdym wynikiem

Twoja historia wyników

Nie rozwiązałeś tego quizu od ostatniego zresetowania